| 000 | 00976nam a22001937a 4500 | ||
|---|---|---|---|
| 999 |
_c62366 _d62366 |
||
| 003 | Ge_BSU | ||
| 005 | 20241016141028.0 | ||
| 008 | 241016s1937 ge ||||| |||| 00| 0 geo d | ||
| 041 | _ageo | ||
| 080 | _a611.314(075.8) ნ-19 | ||
| 100 |
_aნათიშვილი, ალ. _922403 |
||
| 245 |
_aადამიანის საღეჭი აპარატი : _b სპეციალური კურსი, შედგენილი სტომატოლოგიური ფაკულტეტის სტუდენტებისათვის / _c ალ. ნათიშვილი. |
||
| 264 |
_aთბ. : _bსახბიომედგამომცემლობა, _c1937. |
||
| 300 |
_a115 გვ. : _bილ. ; _c22 სმ. |
||
| 653 | _aადამიანის საღეჭი აპარატი | ||
| 653 | _aსტომატოლოგია | ||
| 653 | _aმედიცინა | ||
| 942 |
_2udc _cᲬᲘᲒᲜᲘ |
||